000 01721nab a2200241 i 4500
001 768714001
003 CO-MdFUSB
005 20260312144143.0
008 240515t1971 sp ||||| |||| 00| 0 spa d
040 _bspa
_cCO-MdFUSB
_dCO-MdFUSB
041 _aspa
100 _aOtt, Heinrich,
_eautor
245 _a¿Tiene sentido en la Iglesia el ministerio de Pedro? :
_brespuesta protestante
_c/ Heinrich Ott ; traducido por Jesús Rey
520 _aPara el teólogo protestante el tema del «ministerio de Pedro», es decir, la cuestión de un episcopado universal sobre la cristiandad, es una cuestión in- sólita y extraña, cargada con el peso histórico de la polémica que tuvo lugar en los orígenes históricos del protestantismo en contra del papa, que reivindicaba para sí el ejercicio de aquel ministerio. Este lastre histórico se ha aligerado notablemente, aunque no ha desaparecido por completo, gracias al movimiento de apertura del Vaticano II y a la figura del primer papa conciliar. Pero si el problema teológico se presenta con el cuidado con que aquí se hace (¿Tiene sentido un ministerio de Pedro en la Iglesia?), el teólogo protestante se verá estimulado a reflexionar con seriedad y sin polémicas y podrá incluso dar una respuesta positiva a la cuestión planteada.
650 0 _a Ecumenismo
_xHistoria
_91146
650 7 _aIglesia
_9655
650 0 _aProtestantismo
_9947
653 _aMinisterio de Pedro
700 _aRey, Jesús,
_etraductor
773 0 _049450
_982631
_oR2554
_tRevista internacional de teología Concilium
_w(CO-MdFUSB)8
_x0210-1041
_gNúmero 64, (abril, 1971), páginas: 115 - 119
_qpágina: 115
942 _cANA
945 _aCatherine Arias Alvarez - Practicante SENA
999 _c69721
_d69721